000 00710nam a2200193 u 4500
003 AM-YeHGA
005 20250618073053.0
008 070726s1938 ai r 000 0 arm d
040 _aAM-YeHGA
041 0 _aarm
100 1 _aՀայրապետյան, Հայրապետ Սարդարի,
_d1874-1962
_91697
245 1 0 _aԸնթերցարան :
_bԱռաջին դասարանի համար /
_cՀ. Հայրապետյան.
260 _aՅերևան :
_bՊետհրատ,
_c1938.
300 _a114 էջ :
_bնկ. ;
_c19 սմ.
650 1 4 _aԸնթերցարան
_94817
856 4 _uhttp://greenstone.flib.sci.am/gsdl/collect/opac/books/dasaran.pdf
_yԿարդալ առցանց
_3
942 _2udc
_cBK
090 _c208952
999 _c207448
_d207448